000
00252nam a22001217a 4500
008
180919b xxu||||| |||| 00| 0 eng d
041
_a
eng
080
_a
617
100
_a
5
101
_a
KIR
245
_a
Regional Block
_c
Moore,D.C
942
_2
udc
_c
BK
999
_c
48083
_d
48083